Sports Quiz

Random Sports Quiz

UFC Ultimate Fighter Runners Up Quiz Stats

 Plays Quiz not verified by Sporcle

Challenge
Share
Tweet
Embed
Score 0/17 Timer 05:00
0 Plays Today
% Correct
Stephan Bonnar
96.2%
Kenny Florian
94.9%
Luke Cummo
79.5%
Brad Imes
76.9%
Brendan Schaub
76.9%
Michael Johnson
76.9%
Manny Gamburyan
75.6%
DeMarques Johnson
74.4%
Chris Lytle
71.8%
% Correct
Ed Herman
70.5%
Patrick Cote
70.5%
Phillipe Nover
69.2%
Tommy Speer
65.4%
Andre Winner
64.1%
CB Dollaway
62.8%
Kris McCray
57.7%
Vinicius Magelhaes
9%

You're not logged in!

Compare scores with friends on all Sporcle quizzes.
Join for Free
OR
Log In

You Might Also Like...

Show Comments

Extras

Created Feb 1, 2011ReportNominate
Tags:MMA, MMA Fighters, UFC, UFC Fighters

Top Quizzes Today


Score Distribution

Your Account Isn't Verified!

In order to create a playlist on Sporcle, you need to verify the email address you used during registration. Go to your Sporcle Settings to finish the process.

Report this User

Report this user for behavior that violates our Community Guidelines.

Details: